000 00677nam a2200241 a 4500
008
020 _a1412923751 (pbk.)
049 _aMAIN
090 _aQA276
_bKAN
100 1 _aKanji, Gopal K.
245 1 0 _a100 statistical tests /
_cGopal K. Kanji.
250 _a3rd ed.
260 _aLondon :
_bSage Publications Ltd.,
_c2006.
300 _aviii, 242 p. :
_bill. ;
_c24 cm.
504 _aIncludes bibliographical references.
500 _aIncludes Index.
650 1 _aStatistical tests.
907 _a.b10272987
_b12-04-10
_c15-02-10
003
005 20230123125009.0
040 _cNUST
942 _cBOOKS
_kQA276
_mKAN
999 _c133897
_d133897